LEADER 01543nas 2200385 n 450 001 990008907000403321 005 20240229084308.0 011 $a0392-6141 035 $a000890700 035 $aFED01000890700 035 $a(Aleph)000890700FED01 035 $a000890700 091 $2CNR$aP 00071340 100 $a20161109b19711976km-y0itaa50------ba 101 0 $aita 102 $aIT 110 $aauu-------- 200 1 $aArcheoclub 207 1$a1971-1976 210 $aRoma$c[s.n.] 444 0$1001000890541$12001$aAntiqua 530 0 $aArcheoclub 675 $a930.26 675 $a902 712 02$aArcheoclub d'Italia 801 0$aIT$bACNP$c20090723 859 4 $uhttp://acnp.cib.unibo.it/cgi-ser/start/it/cnr/dc-p1.tcl?catno=45805&person=false&language=ITALIANO&libr=&libr_th=unina1$zBiblioteche che possiedono il periodico 901 $aSE 912 $a990008907000403321 958 $aBiblioteca Centralizzata. Facoltà di Architettura dell'Università Federico II$b1987-1988;1991-1995.$c1987;1988;1991;1992;1993;1994;1995.$eDeposito$fFARBC 959 $aFARBC 996 $aArcheoclub$9800435 997 $aUNINA AP1 8 $6866-01$aNA088 Biblioteca Centralizzata. Facoltà di Architettura dell'Università Federico II$bDeposito$eVia Monteoliveto,3. Palazzo Gravina, 80134 Napoli (NA)$m0812538081$m0812538023$nit AP2 40$aacnp.cib.unibo.it$nACNP Italian Union Catalogue of Serials$uhttp://acnp.cib.unibo.it/cgi-ser/start/it/cnr/df-p.tcl?catno=45805&language=ITALIANO&libr=&person=&B=1&libr_th=unina&proposto=NO